University Home | Library Home | Institutional Repository

Pharmacokinetics, II / (Record no. 185031)

MARC details
000 -LEADER
fixed length control field 00862cam5a220026500 4500
001 - CONTROL NUMBER
control field qce01410484
005 - DATE AND TIME OF LATEST TRANSACTION
control field 20190830103858.0
008 - FIXED-LENGTH DATA ELEMENTS--GENERAL INFORMATION
fixed length control field 810917s1982 nyua b 000 0 eng d
020 ## - INTERNATIONAL STANDARD BOOK NUMBER
International Standard Book Number 380552448X
035 ## - SYSTEM CONTROL NUMBER
System control number (Sirsi) r68394
035 ## - SYSTEM CONTROL NUMBER
System control number (QCAT)lss03196053
035 ## - SYSTEM CONTROL NUMBER
System control number (UPRA)qce01410484
040 ## - CATALOGING SOURCE
Modifying agency UPRA
060 ## - NATIONAL LIBRARY OF MEDICINE CALL NUMBER
Classification number W1 AN855G v.31 1982
-- [QV 38 P535 1982]
245 00 - TITLE STATEMENT
Title Pharmacokinetics, II /
Statement of responsibility, etc. volume editor, H. Schonfeld.
260 ## - PUBLICATION, DISTRIBUTION, ETC.
Place of publication, distribution, etc. Basel ; New York :
Name of publisher, distributor, etc. Karger,
Date of publication, distribution, etc. 1982.
490 1# - SERIES STATEMENT
Series statement Antibiotics and chemotherapy ; v. ;
Volume/sequential designation 31
504 ## - BIBLIOGRAPHY, ETC. NOTE
Bibliography, etc. note Includes bibliographies.
650 #2 - SUBJECT ADDED ENTRY--TOPICAL TERM
Topical term or geographic name entry element Kinetics
Linkage S21319.1
650 #2 - SUBJECT ADDED ENTRY--TOPICAL TERM
Topical term or geographic name entry element Pharmacology
Linkage S180.1
700 1# - ADDED ENTRY--PERSONAL NAME
Personal name Schonfeld, H. (Hans).
Fuller form of name Schonfeld, H. (Hans).
Linkage A28317.1
830 #0 - SERIES ADDED ENTRY--UNIFORM TITLE
Uniform title Antibiotics and chemotherapy ;
Volume/sequential designation 31
Linkage S5034.1
949 ## - LOCAL PROCESSING INFORMATION (OCLC)
a RM301.5
w lcc
i -91769
m MAIN
t BOOK
l ON-SHELF

No items available.

© 2026 - The University of Zambia Library - Koha v25.11